000 00425nam a2200181Ia 4500
001 11071
005 20260306161919.0
008 260306t1983||||xx |||||||||||||| ||spa||
041 _aESP
082 _a985.004
_bK22
100 _aKapsoli E., Wilfredo
_eAUT
245 0 _aEnsayos de nueva historia
260 _c1983
300 _a212 páginas :
_c20 cm.
650 _aGEN
654 _aCHU
942 _cLIB
_dJUS
_fJUS
_2ddc
_n
999 _c11071
_d11071